000 00489nam a2200193Ia 4500
003 GCL
008 140319s9999 xx 000 0 eng d
040 _aGCL /
_cGCL
082 0 4 _a720.222
_bG T
100 1 _aGILL, ROBERT
245 1 0 _aTHE THAMES AND HUDSON MANUAL OF RENDERING WITH PEN AND INK /
_cGILL, ROBERT
260 _a[S.N] :
_bTHAMES AND HUDSON ،
_c1994
300 _a400
650 0 4 _aDRAWING
650 0 4 _aART
650 0 4 _aPEOPLE
650 0 4 _aPLANT
942 _2ddc
_cBK
999 _c10938
_d10938